| 000 | 01172nac a22003617a 4500 | ||
|---|---|---|---|
| 001 | BR8303511 | ||
| 003 | BR-BrBNA | ||
| 005 | 20240105115800.0 | ||
| 008 | 230509b bl.|||m| |||| 00| 0 por d | ||
| 040 |
_aBR-BrBNA _bpor _cBiblioteca Nacional de Agricultura |
||
| 072 | _aF21 | ||
| 090 | _a1400 BR8303511 | ||
| 100 | 1 | _aVidor, C. | |
| 100 | 1 | _aKolling, J. | |
| 100 | 1 | _aFreire, J.R.J. | |
| 100 | 1 | _aScholles, D. | |
| 100 | 1 | _aBrose, E. | |
| 100 | 1 | _aPedroso, M.H.T. | |
| 110 | 1 |
_aInstituto de Pesquisas Agronomicas, Porto Alegre, RS (Brasil) _96134 |
|
| 245 | 1 | _aFixacao biologica do nitrogenio pela simbiose entre Rhizobium e leguminosas | |
| 260 | 3 |
_aPorto Alegre, RS (Brasil): _c1983. |
|
| 300 | _a52 p. | ||
| 490 |
_aBoletim Tecnico - Instituto de Pesquisas Agronomicas (Brazil) _vno. 11 _xISSN 0100-3062 |
||
| 500 | _a11 graphs; 21 tables; Bibliography p. 49-51 (59 ref.) | ||
| 650 | _aRHIZOBIUM | ||
| 650 | _aLEGUMINOSA | ||
| 650 | _aFIXACAO SIMBIOTICA DE NITROGENIO | ||
| 650 | _aINOCULACAO | ||
| 650 | _aCONSERVACAO DO SOLO | ||
| 650 | _aROTACAO DE CULTURA | ||
| 909 |
_a202312 _bLúcia Elande _c55 _dLúcia Elande |
||
| 942 |
_2AGRIS _n0 _cMS |
||
| 999 |
_c276366 _d276366 |
||